Ride the high lonesome. #1 / Rosanne Bittner.
Available copies
- 1 of 1 copy available at LARL/NWRL Consortium. (Show)
- 1 of 1 copy available at Northwest Regional Library.
Current holds
0 current holds with 1 total copy.
Show Only Available Copies
| Location | Call Number / Copy Notes | Barcode | Shelving Location | Status | Due Date |
|---|---|---|---|---|---|
| Godel Memorial-Warren Library | pb BIT (Text) | 35500006259459 | Main | Available | - |
Record details
- ISBN: 9781492689263
- ISBN: 1492689262
- Physical Description: 309 pages ; 18 cm.
- Publisher: Naperville, IL : Sourcebooks Casablanca, [2019]
- Copyright: ©2019
Content descriptions
| Summary, etc.: | 1869. "When Kate Winters is left stranded and ... Read More |
Search for related items by subject
| Subject: | Man-woman relationships > Fiction. Outlaws > Fiction. Cowboys > Fiction. Widows > Fiction. Revenge > Fiction. |
| Genre: | Love stories. Romance fiction. Western fiction. Historical fiction. |
Search for related items by series
| LDR | 02077cam a2200433Ii 4500 | ||
|---|---|---|---|
| 001 | 328762 | ||
| 003 | LARL_NWRL_CONSORTIUM | ||
| 005 | 20191204151238.0 | ||
| 008 | 190926t20192019ilu 000 f eng d | ||
| 007 | ta | ||
| 040 | . | ‡aAUNRT ‡beng ‡erda ‡cAUNRT ‡dMJ8 ‡dBDX ‡dTDS ‡dHHO ‡dJAO | |
| 020 | . | ‡a9781492689263 ‡q(paperback) | |
| 020 | . | ‡a1492689262 ‡q(paperback) | |
| 035 | . | ‡a(OCoLC)1121472506 | |
| 043 | . | ‡an-usp-- | |
| 082 | 0 | 4. | ‡a813/.6 ‡223 |
| 100 | 1 | . | ‡aBittner, Rosanne, ‡d1945- ‡eauthor. ‡0(LARL_NWRL_CONSORTIUM)103991 |
| 245 | 1 | 0. | ‡aRide the high lonesome. ‡n#1 / ‡cRosanne Bittner. |
| 264 | 1. | ‡aNaperville, IL : ‡bSourcebooks Casablanca, ‡c[2019] | |
| 264 | 4. | ‡c©2019 | |
| 300 | . | ‡a309 pages ; ‡c18 cm. | |
| 336 | . | ‡atext ‡btxt ‡2rdacontent | |
| 337 | . | ‡aunmediated ‡bn ‡2rdamedia | |
| 338 | . | ‡avolume ‡bnc ‡2rdacarrier | |
| 490 | 0 | . | ‡aOutlaw Trail ; ‡v1 |
| 520 | . | ‡a1869. "When Kate Winters is left stranded and defenseless in outlaw country, she knows there's little chance she'll make it out alive, until she stumbles across a ruthless gang hanging a cowboy for his cattle. She waits until the outlaws are gone, desperate enough to claim the dead man's horse to make her escape, only to realize he's not dead after all. Those outlaws should have made damn sure Luke Bowden was good and gone. Now he vows he'll have his revenge no matter the cost. But they're miles away from the nearest town, and the woman who saved his hide won't survive the ride back. He owes her his life--he owes her everything--and it doesn't take long before he's faced with a terrible choice: stand by Kate, or claim his revenge?" -- back cover. | |
| 650 | 0. | ‡aMan-woman relationships ‡vFiction. ‡0(LARL_NWRL_CONSORTIUM)165985 | |
| 650 | 0. | ‡aOutlaws ‡vFiction. ‡0(LARL_NWRL_CONSORTIUM)166527 | |
| 650 | 0. | ‡aCowboys ‡vFiction. ‡0(LARL_NWRL_CONSORTIUM)164139 | |
| 650 | 0. | ‡aWidows ‡vFiction. ‡0(LARL_NWRL_CONSORTIUM)167902 | |
| 650 | 0. | ‡aRevenge ‡vFiction. ‡0(LARL_NWRL_CONSORTIUM)167017 | |
| 655 | 7. | ‡aLove stories. ‡2gsafd | |
| 655 | 7. | ‡aRomance fiction. ‡2lcgft | |
| 655 | 7. | ‡aWestern fiction. ‡2lcgft | |
| 655 | 7. | ‡aHistorical fiction. ‡2lcgft | |
| 901 | . | ‡a328762 ‡bOCoLC ‡c328762 ‡tbiblio ‡soclc | |

Add to basket
Permalink
Enable Highlighting